| 000 | 00801nam a2200217 i 4500 | ||
|---|---|---|---|
| 001 | 133507 | ||
| 003 | ES-MaACL | ||
| 005 | 20230906194430.0 | ||
| 007 | t| | ||
| 008 | 070817s1990 fr ||||1| fre d | ||
| 080 | _a23 | ||
| 245 | 0 | 3 |
_aLa voix des victimes, 1492-1992 _b: cinquième centenaire de la conquête de l'Amerique. |
| 260 |
_aParis : _bV. Elizondo : _bL. Boff, _c[1990] |
||
| 300 |
_a174 p. ; _c22 cm. |
||
| 490 | 1 |
_aConcilium: Revue internationale de théologie ; _v232 |
|
| 500 | _aBiblioteca Jacinto Martínez Lacalle. | ||
| 500 | _aNúmero monográfico de la revista Concilium: revue internationale de théologie, nº 232, 1990. | ||
| 830 | 0 |
_aConcilium: Revue internationale de théologie ; _v232 _9219743 |
|
| 852 |
_aES-MaACL _jE-11962 _bR.139869 |
||
| 999 |
_c133507 _d133507 |
||